Bāwā Balawanta kāwi mullāṅkaṇa. (Record no. 80880)

MARC details
000 -LEADER
fixed length control field 00673cam a22002531 4500
001 - CONTROL NUMBER
control field sa 68005688
003 - CONTROL NUMBER IDENTIFIER
control field DLC
005 - DATE AND TIME OF LATEST TRANSACTION
control field 20260227112510.0
008 - FIXED-LENGTH DATA ELEMENTS--GENERAL INFORMATION
fixed length control field 940912s1967 ii b 000 0 pano
010 ## - LIBRARY OF CONGRESS CONTROL NUMBER
LC control number sa 68005688
025 ## - OVERSEAS ACQUISITION NUMBER
Overseas acquisition number PL480:I-Pu-1096
035 ## - SYSTEM CONTROL NUMBER
System control number (OCoLC)31091785
040 ## - CATALOGING SOURCE
Original cataloging agency DLC
Transcribing agency CU
Modifying agency CU
-- DLC
042 ## - AUTHENTICATION CODE
Authentication code premarc
050 00 - LIBRARY OF CONGRESS CALL NUMBER
Classification number PK2659.B37
Item number Z73
100 0# - MAIN ENTRY--PERSONAL NAME
Personal name Jogā Siṅgha,
Dates associated with a name 1942-
245 10 - TITLE STATEMENT
Title Bāwā Balawanta kāwi mullāṅkaṇa.
260 ## - PUBLICATION, DISTRIBUTION, ETC.
Date of publication, distribution, etc. [1967]
300 ## - PHYSICAL DESCRIPTION
Extent 112 p.
Dimensions 18 cm.
500 ## - GENERAL NOTE
General note In Panjabi.
504 ## - BIBLIOGRAPHY, ETC. NOTE
Bibliography, etc. note Bibliographical footnotes.
600 10 - SUBJECT ADDED ENTRY--PERSONAL NAME
Personal name Bawa, Balwant,
Dates associated with a name 1915-1972.
700 1# - ADDED ENTRY--PERSONAL NAME
Personal name Rāhī, Prītama Siṅgha,
Dates associated with a name 1936-

No items available.

Powered by Koha